000 00260nam a2200109 4500
008 160625b xxu||||| |||| 00| 0 eng d
100 _91107
_a Heron, F.D
245 _aJunior Boy
260 _aN.Y
_b Abingdon Press
_c1963
300 _aJunior Boy
942 _2ddc
_cBK
999 _c892
_d892